| 000 | 00530nam a22001697a 4500 | ||
|---|---|---|---|
| 005 | 20231025072900.0 | ||
| 008 | 231025b |||||||| |||| 00| 0 eng d | ||
| 020 | _a1874635404 | ||
| 041 | _aEnglish | ||
| 082 | _a347.1 FOL | ||
| 100 |
_aFoley C _lEnglish |
||
| 245 |
_aCombating Torture : _bA Manual for Judges and Prosecutors _cC Foley |
||
| 260 |
_aLondon : _bHuman Rights Centre, University of Essex, _c2003 |
||
| 300 |
_bxii, 151 pages ; _c31 cm. |
||
| 650 |
_aLegal practice _bLaw |
||
| 942 |
_cBK _6ALISON_BN_VRIES |
||
| 999 |
_c39 _d39 |
||